[Event "Vancouver op"]
[Site "Chess.com INT"]
[Date "2020.07.26"]
[Round "?"]
[White "Shahinyan, David"]
[Black "Raptis, Nick"]
[Result "1-0"]
[WhiteElo "2506"]
[BlackElo "2393"]
[PlyCount "101"]
[EventDate "2020.07.25"]
[EventType "swiss"]
[EventRounds "5"]
[EventCountry "USA"]
[SourceTitle "EXT 2023"]
[Source "ChessBase"]
[SourceDate "2022.10.05"]
[SourceVersion "1"]
[SourceVersionDate "2022.10.05"]
[SourceQuality "1"]

1. e4 c6 2. d4 d5 3. exd5 cxd5 4. Bd3 Nc6 5. c3 Nf6 6. Bf4 g6 7. Nf3 Bg7 8. 0-0 0-0 9. h3 Bf5 10. Ne5 Bxd3 11. Nxd3 e6 12. Nd2 b6 13. Re1 a5 14. a4 Re8 15. Ne5 Nxe5 16. Bxe5 Nd7 17. Bg3 Nf6 18. Be5 Nd7 19. Bf4 e5 20. dxe5 Bxe5 21. Bxe5 Rxe5 22. Rxe5 Nxe5 23. Qe2 Qc7 24. Rd1 Rd8 25. Nf3 Nxf3+ 26. Qxf3 Qe5 27. Rd4 Rd6 28. Qd1 Qe8 29. g3 b5 30. Rxd5 Rxd5 31. Qxd5 bxa4 32. Qxa5 Qe1+ 33. Kg2 Qe4+ 34. Kh2 Qc2 35. Qd8+ Kg7 36. Qd4+ Kg8 37. c4 h5 38. h4 Kh7 39. c5 g5 40. hxg5 Kg6 41. Qf6+ Kh7 42. Qxf7+ Kh8 43. Qf6+ Kg8 44. c6 a3 45. bxa3 h4 46. gxh4 Qe4 47. Kg3 Qd3+ 48. f3 Qd1 49. Qe6+ Kh8 50. Qc8+ Kh7 51. Qd7+ 1-0

[Event "Seattle Seafair op"]
[Site "Chess.com INT"]
[Date "2020.07.19"]
[Round "4"]
[White "Lugovskoy, Maxim"]
[Black "Raptis, Nick"]
[Result "0-1"]
[WhiteElo "2418"]
[BlackElo "2326"]
[PlyCount "102"]
[EventDate "2020.07.18"]
[EventType "swiss"]
[EventRounds "5"]
[EventCountry "NET"]
[SourceTitle "EXT 2023"]
[Source "ChessBase"]
[SourceDate "2022.10.05"]
[SourceVersion "1"]
[SourceVersionDate "2022.10.05"]
[SourceQuality "1"]

1. e4 e6 2. d4 d5 3. Nc3 Nf6 4. e5 Nfd7 5. f4 c5 6. Nf3 Nc6 7. Be3 a6 8. Qd2 b5 9. Be2 Qb6 10. Nd1 b4 11. Nf2 cxd4 12. Nxd4 Bc5 13. c3 a5 14. 0-0 0-0 15. Rfd1 Ba6 16. Bf3 Rab8 17. Kh1 Rfc8 18. Ng4 bxc3 19. bxc3 Qb2 20. Qe1 Bxd4 21. cxd4 Nb4 22. Qg3 Kh8 23. Rab1 Qxa2 24. h4 Bd3 25. Ra1 Qb3 26. h5 a4 27. h6 Rg8 28. Rdc1 Nc2 29. Bd1 Qb2 30. Bxc2 Bxc2 31. Qf2 Bf5 32. hxg7+ Kxg7 33. Ra2 Qxf2 34. Nxf2 Rb3 35. Bd2 Nb6 36. g4 Bg6 37. f5 exf5 38. Bg5 h6 39. Bf6+ Kh7 40. g5 a3 41. e6 Nc4 42. e7 Rb2 43. Rxb2 axb2 44. Re1 f4 45. e8Q Rxe8 46. Rxe8 b1Q+ 47. Kh2 Be4 48. Rh8+ Kg6 49. Rxh6+ Kf5 50. Be7 Qc2 51. Rf6+ Kxg5 0-1

[Event "Emerald City op"]
[Site "Chess.com INT"]
[Date "2020.06.20"]
[Round "?"]
[White "Raptis, Nick"]
[Black "Chang, Eddie"]
[Result "1-0"]
[WhiteElo "2393"]
[BlackElo "1887"]
[PlyCount "51"]
[EventDate "2020.06.20"]
[EventType "swiss"]
[EventRounds "5"]
[EventCountry "USA"]
[SourceTitle "EXT 2023"]
[Source "ChessBase"]
[SourceDate "2022.10.05"]
[SourceVersion "1"]
[SourceVersionDate "2022.10.05"]
[SourceQuality "1"]

1. d4 Nf6 2. Nc3 d5 3. Bg5 Bf5 4. f3 Nbd7 5. Nxd5 Nxd5 6. e4 Bxe4 7. fxe4 h6 8. Bd2 N5b6 9. Nf3 e5 10. dxe5 Bc5 11. Bc3 Qe7 12. a4 a5 13. Bd3 Nf8 14. Qd2 0-0-0 15. b3 Bb4 16. Bxb4 Qxb4 17. Qxb4 axb4 18. a5 Nbd7 19. a6 bxa6 20. Bxa6+ Kb8 21. 0-0 Ng6 22. Ra5 Rhe8 23. Bb5 Kb7 24. Rfa1 Ngxe5 25. Nd4 Kb6 26. Bxd7 1-0

[Event "Emerald City op"]
[Site "Chess.com INT"]
[Date "2020.06.20"]
[Round "?"]
[White "Raptis, Nick"]
[Black "Lenderman, Aleksandr"]
[Result "1-0"]
[WhiteElo "2393"]
[BlackElo "2717"]
[PlyCount "217"]
[EventDate "2020.06.20"]
[EventType "swiss"]
[EventRounds "5"]
[EventCountry "USA"]
[SourceTitle "EXT 2023"]
[Source "ChessBase"]
[SourceDate "2022.10.05"]
[SourceVersion "1"]
[SourceVersionDate "2022.10.05"]
[SourceQuality "1"]

1. d4 Nf6 2. c4 e6 3. Nf3 a6 4. Nc3 d5 5. a4 Bb4 6. Bd2 0-0 7. e3 b6 8. cxd5 exd5 9. Bd3 Bd6 10. 0-0 Re8 11. Qc2 c5 12. e4 c4 13. e5 cxd3 14. Qxd3 Nc6 15. exd6 Qxd6 16. Rfe1 Bg4 17. Ne5 Nb4 18. Qg3 Bf5 19. Bf4 Nh5 20. Qg5 Nxf4 21. Qxf5 f6 22. Qd7 Qxd7 23. Nxd7 Red8 24. Nxb6 Rab8 25. a5 Nc2 26. g3 Nxa1 27. Rxa1 Ne6 28. Rd1 Nc7 29. b4 Rd6 30. Nca4 Rc6 31. Nc5 Kf7 32. Kf1 Rd8 33. Kg1 Na8 34. Nba4 Rb8 35. Rb1 g5 36. Kf1 h5 37. Ke2 Nc7 38. Nb6 Rh8 39. Kd3 Rb8 40. Ncd7 Re8 41. Nc5 Nb5 42. Rd1 Kg6 43. Rd2 Re1 44. Re2 Rxe2 45. Kxe2 Nxd4+ 46. Kd3 Nb5 47. Nxd5 Rd6 48. Kc4 Na3+ 49. Kb3 Rxd5 50. Kxa3 Rd6 51. Ka4 Rd2 52. Nxa6 Rxf2 53. b5 Ra2+ 54. Kb4 f5 55. Nc5 f4 56. gxf4 gxf4 57. b6 f3 58. b7 Rb2+ 59. Nb3 f2 60. b8Q Rxb3+ 61. Kxb3 f1Q 62. Qb6+ Kf5 63. Qc5+ Kg6 64. Qc2+ Kf6 65. Qc6+ Kg7 66. Qc7+ Kg6 67. Qd6+ Kg7 68. Kb4 Qb1+ 69. Kc5 Qc2+ 70. Kb6 Qf2+ 71. Qc5 Qb2+ 72. Qb5 Qxh2 73. Qg5+ Kf7 74. Qf5+ Ke7 75. Qe4+ Kd8 76. Qd5+ Kc8 77. Qg8+ Kd7 78. Qf7+ Kd8 79. Qf6+ Kd7 80. Qc6+ Kd8 81. Kb7 Qe2 82. Qb6+ Kd7 83. Qc7+ Ke8 84. a6 Qb2+ 85. Kc8 Qa3 86. Qd7+ Kf8 87. a7 Qa6+ 88. Kb8 Qb6+ 89. Qb7 Qd6+ 90. Qc7 Qb4+ 91. Kc8 Qe4 92. Qc5+ Kg7 93. Kb8 Qe8+ 94. Kb7 Qe4+ 95. Qc6 Qb4+ 96. Kc7 Qa5+ 97. Qb6 Qe5+ 98. Kb7 Qe4+ 99. Qc6 Qb4+ 100. Kc8 Qf8+ 101. Kc7 Qf4+ 102. Qd6 Qc4+ 103. Kd8 Qg8+ 104. Kd7 Qa8 105. Qe5+ Kh6 106. Qf6+ Kh7 107. Qe7+ Kh6 108. Qe3+ Kg6 109. Qe8+ 1-0

[Event "Titled Tuesday intern op 19th May"]
[Site "Chess.com INT"]
[Date "2020.05.19"]
[Round "2"]
[White "Aravindh, Chithambaram VR"]
[Black "Raptis, Nick"]
[Result "1-0"]
[WhiteElo "2641"]
[BlackElo "2230"]
[PlyCount "63"]
[EventDate "2020.05.19"]
[EventType "swiss (blitz)"]
[EventRounds "10"]
[EventCountry "USA"]
[SourceTitle "EXT 2021"]
[Source "ChessBase"]
[SourceDate "2020.10.23"]
[SourceVersion "1"]
[SourceVersionDate "2020.10.23"]
[SourceQuality "1"]

1. d4 Nf6 2. Bf4 d6 3. Nf3 g6 4. e3 Bg7 5. h3 0-0 6. Be2 c5 7. c3 Nc6 8. Nbd2 cxd4 9. exd4 Nd5 10. Bh2 e5 11. dxe5 dxe5 12. 0-0 Bf5 13. Nc4 e4 14. Ne1 Qg5 15. Qxd5 Rad8 16. Nd6 Qf6 17. Rd1 Rd7 18. Qb3 Qe7 19. Nxf5 gxf5 20. Nc2 Rfd8 21. Ne3 Qe6 22. Qxe6 fxe6 23. Bc4 Kf7 24. Rxd7+ Rxd7 25. Nxf5 Rd2 26. Nd6+ Ke7 27. Nxe4 Rxb2 28. Bd6+ Ke8 29. Ba3 Rb6 30. Nd6+ Kd7 31. Rd1 Bxc3 32. Nb5+ 1-0

[Event "Titled Tuesday intern op 19th May"]
[Site "Chess.com INT"]
[Date "2020.05.19"]
[Round "6"]
[White "Van Dael, Siem"]
[Black "Raptis, Nick"]
[Result "0-1"]
[WhiteElo "2293"]
[BlackElo "2230"]
[PlyCount "62"]
[EventDate "2020.05.19"]
[EventType "swiss (blitz)"]
[EventRounds "10"]
[EventCountry "USA"]
[SourceTitle "EXT 2021"]
[Source "ChessBase"]
[SourceDate "2020.10.23"]
[SourceVersion "1"]
[SourceVersionDate "2020.10.23"]
[SourceQuality "1"]

1. e4 e5 2. Nf3 Nc6 3. Nc3 Nf6 4. d4 exd4 5. Nxd4 Bc5 6. Be3 Bb6 7. Qd2 0-0 8. 0-0-0 Re8 9. f3 d5 10. exd5 Nxd5 11. Bg5 Nde7 12. Nxc6 Qxd2+ 13. Bxd2 Nxc6 14. Nd5 Be6 15. Nxb6 axb6 16. a3 Ne7 17. Bb5 c6 18. Bd3 b5 19. Rhe1 Bc4 20. Bxc4 bxc4 21. Re4 Nd5 22. Rxc4 Re2 23. Rg4 f5 24. Rg5 h6 25. Rxf5 Rxg2 26. c4 Nb6 27. Bc3 Nxc4 28. Rd7 Rg1+ 29. Rd1 Rxd1+ 30. Kxd1 Ne3+ 31. Ke2 Nxf5 0-1

[Event "Titled Tuesday intern op 7th April"]
[Site "Chess.com INT"]
[Date "2020.04.07"]
[Round "7"]
[White "Hoffmann, Asa"]
[Black "Raptis, Nick"]
[Result "0-1"]
[WhiteElo "2185"]
[BlackElo "2230"]
[PlyCount "118"]
[EventDate "2020.04.07"]
[EventType "swiss (blitz)"]
[EventRounds "10"]
[EventCountry "USA"]
[SourceTitle "EXT 2021"]
[Source "ChessBase"]
[SourceDate "2020.10.23"]
[SourceVersion "1"]
[SourceVersionDate "2020.10.23"]
[SourceQuality "1"]

1. d4 Nf6 2. Bg5 Ne4 3. Bf4 c5 4. f3 Qa5+ 5. c3 Nf6 6. d5 e6 7. e4 exd5 8. exd5 d6 9. Qd2 Be7 10. c4 Qxd2+ 11. Kxd2 0-0 12. Bd3 Nh5 13. Be3 Bf6 14. Nc3 Nd7 15. Nge2 Ne5 16. Nb5 Nxd3 17. Kxd3 Bxb2 18. Nxd6 Bxa1 19. Rxa1 Rd8 20. Ne4 b6 21. g4 Nf6 22. Bg5 Ba6 23. N2c3 Nxe4 24. fxe4 f6 25. Bf4 Re8 26. a4 Bc8 27. h3 h5 28. gxh5 Bxh3 29. a5 Bg4 30. h6 g5 31. Bc7 bxa5 32. Rxa5 Rec8 33. Rxc5 Kf7 34. d6 Ke6 35. Nd5 Rh8 36. d7 f5 37. d8Q Rhxd8 38. Bxd8 Rxd8 39. exf5+ Bxf5+ 40. Kc3 g4 41. Ne3 Rd3+ 42. Kb4 Rxe3 43. Rc6+ Ke5 44. Rc7 Rh3 45. Rxa7 Rxh6 46. c5 Be4 47. Re7+ Kd4 48. Rg7 Rg6 49. Rd7+ Bd5 50. Kb5 g3 51. c6 Rxc6 52. Rg7 Rc3 53. Rg4+ Be4 54. Kb4 Rc8 55. Rxg3 Rb8+ 56. Ka5 Kc5 57. Rc3+ Kd4 58. Rc1 Bd5 59. Ka6 Bc4+ 0-1

[Event "Oregon-ch"]
[Site "Portland"]
[Date "2020.02.09"]
[Round "3"]
[White "Raptis, Nick"]
[Black "Zavortink, Matt B"]
[Result "1-0"]
[WhiteElo "2204"]
[BlackElo "2166"]
[PlyCount "101"]
[EventDate "2020.02.08"]
[EventType "tourn"]
[EventRounds "9"]
[EventCountry "USA"]
[SourceTitle "CBM 195 Extra"]
[Source "ChessBase"]
[SourceDate "2020.05.31"]
[SourceVersion "1"]
[SourceVersionDate "2020.05.31"]
[SourceQuality "1"]

1. Nf3 d5 2. g3 Bg4 3. Bg2 Nd7 4. h3 Bh5 5. d3 e6 6. Nbd2 Bd6 7. e4 c6 8. d4 Ne7 9. 0-0 0-0 10. Re1 Rc8 11. c4 c5 12. cxd5 exd5 13. exd5 Nxd5 14. Ne4 Be7 15. Qb3 c4 16. Qb5 N7b6 17. Bd2 Qd7 18. Qxd7 Nxd7 19. Nc3 N7b6 20. Nxd5 Nxd5 21. Re5 Bxf3 22. Bxf3 Bb4 23. Bxb4 Nxb4 24. Bxb7 Rcd8 25. d5 Nd3 26. Re2 Rb8 27. Bc6 Rfd8 28. b3 c3 29. Re3 Nb4 30. Rxc3 Nxd5 31. Bxd5 Rxd5 32. Rc7 Ra5 33. Rac1 g5 34. R1c5 Rxc5 35. Rxc5 h6 36. Ra5 Rb7 37. Ra6 Kg7 38. Kg2 f6 39. Kf3 Re7 40. b4 h5 41. a4 Kg6 42. b5 Kf5 43. g4+ hxg4+ 44. hxg4+ Ke5 45. Rc6 Rh7 46. Ke3 Rh3+ 47. f3 Rh7 48. Rc5+ Kd6 49. Kd4 Rh3 50. Rc6+ Ke7 51. Ke4 1-0

[Event "Titled Tuesday intern op1 4th Febr"]
[Site "Chess.com INT"]
[Date "2020.02.04"]
[Round "5"]
[White "Rasulov, Vugar Ural Oglu"]
[Black "Raptis, Nick"]
[Result "1-0"]
[WhiteElo "2476"]
[BlackElo "2204"]
[PlyCount "149"]
[EventDate "2020.02.04"]
[EventType "swiss (blitz)"]
[EventRounds "10"]
[EventCountry "USA"]
[SourceTitle "EXT 2021"]
[Source "ChessBase"]
[SourceDate "2020.10.23"]
[SourceVersion "1"]
[SourceVersionDate "2020.10.23"]
[SourceQuality "1"]

1. e4 e5 2. Nc3 Nf6 3. Bc4 Nxe4 4. Qh5 Nd6 5. Bb3 Be7 6. Nf3 Nc6 7. Nxe5 Nxe5 8. Qxe5 0-0 9. Nd5 Bh4 10. 0-0 Re8 11. Qf4 Re4 12. Qf3 c6 13. d3 Re5 14. Bf4 Rf5 15. Qh3 cxd5 16. Bxd6 Rh5 17. g3 Rh6 18. Bf4 Bg5 19. Qg4 Bxf4 20. Qxf4 Rh5 21. Rfe1 d6 22. Re3 Be6 23. Rae1 Rf5 24. Qd4 Qg5 25. f4 Qg4 26. c3 h5 27. h4 Qg6 28. Kh2 Qf6 29. Qxf6 Rxf6 30. Bd1 g6 31. Bf3 Rc8 32. d4 b5 33. Kg2 a5 34. Kf2 b4 35. Rc1 Kg7 36. Ke1 Rb8 37. b3 bxc3 38. Rcxc3 Rb4 39. Rc6 Bf5 40. Bxd5 Rxd4 41. Bc4 Bg4 42. Rd3 Re4+ 43. Kd2 Re2+ 44. Kc3 Rxa2 45. Rcxd6 Rxd6 46. Rxd6 Rg2 47. Rd3 Be2 48. Re3 Bxc4 49. bxc4 Rg1 50. c5 Rc1+ 51. Kd4 Kf6 52. Kd5 a4 53. c6 Rd1+ 54. Kc5 Rc1+ 55. Kd6 Rd1+ 56. Kc5 Rc1+ 57. Kb6 Rb1+ 58. Ka6 Rc1 59. Kb7 Rb1+ 60. Kc8 Rc1 61. c7 Kf5 62. Kd7 Rd1+ 63. Ke8 Rc1 64. Kd7 Rd1+ 65. Kc6 Rc1+ 66. Kb6 Rb1+ 67. Ka5 Rc1 68. Re5+ Kg4 69. Kb6 a3 70. Rc5 Rb1+ 71. Kc6 a2 72. c8Q+ Kxg3 73. Rc3+ Kf2 74. Qh3 Rc1 75. Qh2+ 1-0

[Event "North American op 29th"]
[Site "Las Vegas"]
[Date "2019.12.30"]
[Round "9"]
[White "Yang, Kevin S"]
[Black "Raptis, Nick"]
[Result "1-0"]
[WhiteElo "2126"]
[BlackElo "2232"]
[PlyCount "107"]
[EventDate "2019.12.26"]
[EventType "swiss"]
[EventRounds "9"]
[EventCountry "USA"]
[SourceTitle "CBM 194 Extra"]
[Source "ChessBase"]
[SourceDate "2020.03.31"]
[SourceVersion "1"]
[SourceVersionDate "2020.03.31"]
[SourceQuality "1"]

1. Nf3 g6 2. h4 Nf6 3. d4 Bg7 4. c3 b6 5. Bg5 Bb7 6. Nbd2 d6 7. Bxf6 Bxf6 8. h5 Nd7 9. Qa4 a6 10. e4 b5 11. Qb3 0-0 12. hxg6 hxg6 13. c4 Kg7 14. Qe3 Rh8 15. Rxh8 Kxh8 16. e5 Bg7 17. Ng5 Qf8 18. e6 Nf6 19. Qh3+ Bh6 20. Nxf7+ Kh7 21. g4 bxc4 22. Bxc4 c5 23. Bd3 c4 24. Bc2 Nd5 25. Nf3 Nf4 26. N3g5+ Kg8 27. Qxh6 Qxh6 28. Nxh6+ Kg7 29. Nhf7 Bd5 30. Kd2 Bxe6 31. Nxe6+ Nxe6 32. d5 Nd4 33. Ng5 Rf8 34. Rf1 Rb8 35. Kc1 Ne2+ 36. Kb1 Nc3+ 37. Ka1 Nxd5 38. Re1 Kf6 39. Ne4+ Kf7 40. Nd2 Nb4 41. Bb1 Rc8 42. a3 Nc6 43. Nxc4 Nd4 44. Nd2 Rc2 45. Rd1 Rc8 46. Ba2+ Kf6 47. Ne4+ Ke5 48. Ng3 Nf3 49. Bb1 g5 50. Rd3 Nd4 51. Re3+ Kf6 52. Ne4+ Kg7 53. Nxg5 Rc1 54. Ne6+ 1-0

[Event "Titled Tuesday intern op 3rd Sept"]
[Site "Chess.com INT"]
[Date "2019.09.03"]
[Round "2"]
[White "Mazanchenko, Dmitry"]
[Black "Raptis, Nick"]
[Result "0-1"]
[WhiteElo "2161"]
[BlackElo "2232"]
[PlyCount "110"]
[EventDate "2019.09.03"]
[EventType "swiss (blitz)"]
[EventRounds "10"]
[EventCountry "USA"]
[SourceTitle "EXT 2021"]
[Source "ChessBase"]
[SourceDate "2020.10.23"]
[SourceVersion "1"]
[SourceVersionDate "2020.10.23"]
[SourceQuality "1"]

1. e4 e6 2. Qe2 d5 3. exd5 Qxd5 4. Nc3 Qa5 5. Nf3 Nc6 6. a3 Nf6 7. b4 Nxb4 8. Qb5+ Qxb5 9. Bxb5+ Nc6 10. Ne5 Bd7 11. Nxd7 Kxd7 12. Bb2 a6 13. Ba4 b5 14. Bb3 Bd6 15. Ne2 Rab8 16. 0-0 Na5 17. Ba2 c5 18. d3 Nc6 19. Ng3 Rhg8 20. Ne4 Nxe4 21. dxe4 Kc7 22. f4 Rbd8 23. f5 Be5 24. Bxe5+ Nxe5 25. fxe6 fxe6 26. Bxe6 Rgf8 27. Bd5 Kb6 28. a4 Rxf1+ 29. Kxf1 b4 30. a5+ Kb5 31. Ke2 c4 32. Rd1 Kxa5 33. Ke3 Kb5 34. Kf4 Ng6+ 35. Kg5 Kc5 36. h4 Ne5 37. Kf4 Nc6 38. Ra1 Rf8+ 39. Kg5 Ra8 40. h5 a5 41. h6 gxh6+ 42. Kxh6 a4 43. Kxh7 Ra7+ 44. Kh6 b3 45. cxb3 axb3 46. Rc1 Ne5 47. Kg5 b2 48. Rb1 c3 49. Bb3 Nc4 50. e5 Nd2 51. Bc2 Nxb1 52. Bxb1 Ra1 53. e6 Rxb1 54. e7 Re1 55. Kf6 Rxe7 0-1

[Event "Washington State-ch"]
[Site "Redmond"]
[Date "2017.02.19"]
[Round "8"]
[White "Raptis, Nick"]
[Black "Perez, Ignacio"]
[Result "1-0"]
[WhiteElo "2310"]
[BlackElo "2190"]
[PlyCount "62"]
[EventDate "2017.02.11"]
[EventType "tourn"]
[EventRounds "9"]
[EventCountry "USA"]
[EventCategory "1"]
[SourceTitle "EXT 2023"]
[Source "ChessBase"]
[SourceDate "2022.10.05"]
[SourceVersion "1"]
[SourceVersionDate "2022.10.05"]
[SourceQuality "1"]

1. d4 Nf6 2. Nf3 g6 3. g3 Bg7 4. Bg2 0-0 5. 0-0 d6 6. c4 Nbd7 7. Nc3 e5 8. h3 exd4 9. Nxd4 c6 10. e4 Re8 11. Re1 Qe7 12. Be3 a5 13. Qc2 h5 14. Rad1 Nh7 15. f4 Qf8 16. Re2 Nc5 17. Nb3 Nxb3 18. axb3 Be6 19. Red2 Rad8 20. Bb6 Rd7 21. f5 Be5 22. fxe6 Rxe6 23. Qd3 Rf6 24. Bd4 Qe7 25. Ne2 h4 26. gxh4 Nf8 27. Qc3 Bxd4+ 28. Nxd4 Ne6 29. Nxe6 Rxe6 30. Qg3 Re5 31. Rf1 Kg7 1-0

[Event "PRO League Pacific"]
[Site "Chess.com INT"]
[Date "2017.01.18"]
[Round "2"]
[White "Haining, Kyle"]
[Black "Raptis, Nick"]
[Result "0-1"]
[WhiteElo "2195"]
[BlackElo "2262"]
[PlyCount "162"]
[EventDate "2017.01.11"]
[EventType "team-swiss (rapid)"]
[EventRounds "7"]
[EventCountry "USA"]
[SourceTitle "CBM 176 Extra"]
[Source "ChessBase"]
[SourceDate "2017.03.02"]
[SourceVersion "1"]
[SourceVersionDate "2017.03.02"]
[SourceQuality "1"]
[WhiteTeam "Seattle Sluggers"]
[BlackTeam "Portland Rain"]
[WhiteTeamCountry "USA"]
[BlackTeamCountry "USA"]

1. g3 Nf6 2. Bg2 d5 3. Nf3 c6 4. 0-0 Bf5 5. d4 e6 6. c4 Nbd7 7. Nc3 h6 8. Re1 Be7 9. Nd2 0-0 10. e4 dxe4 11. Ndxe4 Nxe4 12. Nxe4 Nf6 13. Nc3 Bb4 14. Bf4 Bd6 15. Qd2 Bxf4 16. Qxf4 Qb6 17. b3 Rad8 18. Rad1 Qa5 19. Qc1 Rd7 20. Qb2 Rfd8 21. b4 Qc7 22. Na4 b6 23. f4 h5 24. Qc3 h4 25. Nb2 hxg3 26. hxg3 Bg4 27. Rd3 b5 28. a4 bxc4 29. Nxc4 Nd5 30. Bxd5 Rxd5 31. Ne3 Bf3 32. Nxd5 Bxd5 33. b5 Qb7 34. bxc6 Bxc6 35. Rc1 Be4 36. Rd2 Qd5 37. Qc5 Qb3 38. Qc3 Qxa4 39. Ra1 Qd7 40. Qa5 Rb8 41. Qxa7 Qb5 42. Qc5 Qb3 43. Qe5 Qxg3+ 44. Kf1 Qf3+ 45. Kg1 Qh1+ 46. Kf2 Qg2+ 47. Ke1 Qg1+ 48. Ke2 Qg4+ 49. Ke1 Qg1+ 50. Ke2 Qg2+ 51. Ke1 Qg3+ 52. Ke2 Qf3+ 53. Ke1 Qe3+ 54. Re2 Qg1+ 55. Kd2 Rb2+ 56. Kc3 Qxa1 57. Rxb2 Qc1+ 58. Kb3 Bd5+ 59. Ka3 Qa1+ 60. Kb4 Qxb2+ 61. Kc5 Qc3+ 62. Kb6 Qc6+ 63. Ka5 f6 64. Qb8+ Kf7 65. f5 exf5 66. Qa7+ Qb7 67. Qc5 Bc6 68. Qc4+ Kg6 69. Qe2 Qa7+ 70. Kb4 Qxd4+ 71. Ka3 Be4 72. Qb5 Qd6+ 73. Kb2 Qe5+ 74. Qxe5 fxe5 75. Kc3 Kf6 76. Kd2 g5 77. Ke1 g4 78. Kf2 f4 79. Kf1 Kf5 80. Ke1 Bd5 81. Kf2 e4 0-1

[Event "PRO League Pacific"]
[Site "Chess.com INT"]
[Date "2017.01.18"]
[Round "2"]
[White "Mikhalevski, Victor"]
[Black "Raptis, Nick"]
[Result "1-0"]
[WhiteElo "2504"]
[BlackElo "2262"]
[PlyCount "69"]
[EventDate "2017.01.11"]
[EventType "team-swiss (rapid)"]
[EventRounds "7"]
[EventCountry "USA"]
[SourceTitle "CBM 176 Extra"]
[Source "ChessBase"]
[SourceDate "2017.03.02"]
[SourceVersion "1"]
[SourceVersionDate "2017.03.02"]
[SourceQuality "1"]
[WhiteTeam "Seattle Sluggers"]
[BlackTeam "Portland Rain"]
[WhiteTeamCountry "USA"]
[BlackTeamCountry "USA"]

1. Nf3 Nf6 2. g3 g6 3. b3 Bg7 4. Bb2 0-0 5. Bg2 c5 6. c4 Nc6 7. 0-0 d6 8. d4 cxd4 9. Nxd4 Bd7 10. e3 a6 11. Nc3 Qa5 12. a3 Rac8 13. Rc1 b5 14. Nxc6 Bxc6 15. Bxc6 Rxc6 16. cxb5 axb5 17. Nd5 Nxd5 18. Rxc6 Nxe3 19. fxe3 Bxb2 20. Qc2 Qxa3 21. Qd3 Qa7 22. Rf2 Bf6 23. Rfc2 b4 24. Kg2 Kg7 25. e4 Qa1 26. Rc1 Qd4 27. Qxd4 Bxd4 28. Rc8 Rxc8 29. Rxc8 Kf6 30. Rb8 Bc5 31. Rb7 Ke5 32. Rxe7+ Kd4 33. Rxf7 Kc3 34. Rc7 Kd3 35. e5 1-0

[Event "PRO League Pacific"]
[Site "Chess.com INT"]
[Date "2017.01.18"]
[Round "2"]
[White "Raptis, Nick"]
[Black "Feng, Roland"]
[Result "1/2-1/2"]
[WhiteElo "2262"]
[BlackElo "2338"]
[PlyCount "72"]
[EventDate "2017.01.11"]
[EventType "team-swiss (rapid)"]
[EventRounds "7"]
[EventCountry "USA"]
[SourceTitle "CBM 176 Extra"]
[Source "ChessBase"]
[SourceDate "2017.03.02"]
[SourceVersion "1"]
[SourceVersionDate "2017.03.02"]
[SourceQuality "1"]
[WhiteTeam "Portland Rain"]
[BlackTeam "Seattle Sluggers"]
[WhiteTeamCountry "USA"]
[BlackTeamCountry "USA"]

1. Nf3 Nf6 2. g3 e6 3. Bg2 Be7 4. 0-0 0-0 5. c4 d5 6. d4 dxc4 7. Qc2 a6 8. Qxc4 b5 9. Qc2 Bb7 10. Bf4 Nc6 11. Nc3 Nb4 12. Qb3 Nbd5 13. Rfd1 b4 14. Nxd5 Bxd5 15. Qc2 Rc8 16. Rac1 c5 17. dxc5 Bxc5 18. Qa4 Qb6 19. e3 a5 20. Ne5 Bxg2 21. Kxg2 h6 22. Nd7 Qb7+ 23. Kg1 Nxd7 24. Rxd7 Qe4 25. Qd1 e5 26. Qd5 Qxd5 27. Rxd5 exf4 28. Rdxc5 Rxc5 29. Rxc5 fxe3 30. fxe3 Rd8 31. Rxa5 Rd1+ 32. Kg2 Rd2+ 33. Kf3 Rxb2 34. h4 f6 35. h5 b3 36. axb3 Rxb3 1/2-1/2